00561nam a22001817a 4500003000200000005001700002008004100019020002200060050002400082100002100106245006300127260003800190300004200228500001500270504005200285650001600337650002600353020230918111526.0230918b xxu||||| |||| 00| 0 eng d a978-1-63987-665-5 aQA 76.9 b.T56 2023 aThompson, Camila aDatabase systems : design and managementc Camila Thompson aNew York bMurphy & Moorecc2023. ax, 23g pages :bcol. ill. ; c26 cm.  aDatabases. aIncludes bibliographical references and index.  aDatabases.  aDatabase management.